000 00985cam a2200313 a 4500
005 20260322212034.0
008 data
010 _a 96053375
020 _a0805463658 (pbk.)
020 _a9780805463651 (pbk.)
040 _aDLC
_cDLC
_dDLC
050 0 0 _aPN6231.A43
_bB66 1997
082 0 0 _a818/.5402
_221
092 _a818 B66 1997
100 1 _aBonham, Tal D.,
_d1934-
245 1 4 _aThe treasury of clean seniors' jokes /
_cTal D. Bonham, Jack Gulledge & Tal D. Bonham.
246 3 0 _aClean seniors' jokes
250 _a2nd ed.
260 _aNashville, Tenn. :
_bBroadman & Holman,
_cc1997.
300 _ax, 156 p. ;
_c18 cm.
440 0 _aTreasury of clean jokes series
500 _aRev. ed. of: The treasury of clean senior adult jokes. 1989.
650 0 _aAging
_xHumor.
650 0 _aOld age
_xHumor.
650 0 _aOlder people
_xHumor.
700 1 _aGulledge, Jack,
_d1924-
700 1 _aBonham, Tal D.,
_d1934-
_tThe treasury of clean senior adult jokes.
001 data
999 _c796
_d796